Principles of operations management (Record no. 54622)

MARC details
000 -LEADER
fixed length control field 00547nam a2200157 a 4500
008 - FIXED-LENGTH DATA ELEMENTS--GENERAL INFORMATION
fixed length control field 120416s0000 ||||||||||||||||| || u
020 ## - INTERNATIONAL STANDARD BOOK NUMBER
International Standard Book Number 020515851X
050 ## - LIBRARY OF CONGRESS CALL NUMBER
Classification number TS 155 Ren
100 ## - MAIN ENTRY--PERSONAL NAME
Personal name Render, Barry
245 10 - TITLE STATEMENT
Title Principles of operations management
246 ## - VARYING FORM OF TITLE
Title proper/short title building and managing world-class operations
250 ## - EDITION STATEMENT
Edition statement Annotated
260 ## - PUBLICATION, DISTRIBUTION, ETC.
Place of publication, distribution, etc. Boston
Name of publisher, distributor, etc. Allyn and Bacon
Date of publication, distribution, etc. 1994
350 ## - PRICE (NR) (BK AM CF MU VM SE) [OBSOLETE]
Price 0.00
995 ## - RECOMMENDATION 995 [LOCAL, UNIMARC FRANCE]
-- 0.00
-- CBU-MAIN LIBRARY (Kitwe)
-- 1
-- 0.00
-- DAMAGED
-- Main Library Open Access Collection
Holdings
Withdrawn status Lost status Source of classification or shelving scheme Damaged status Not for loan Home library Current library Shelving location Date acquired Total Checkouts Full call number Barcode Date last seen Price effective from Koha item type
          CBU-MAIN LIBRARY, KITWE. CBU-MAIN LIBRARY, KITWE.   11/30/2022   TS 155 Ren 021344 11/30/2022 11/30/2022 MONOGRAPH